Normal view
MARC view
Entry Personal Name
001 - CONTROL NUMBER
- control field: 6847
003 - CONTROL NUMBER IDENTIFIER
- control field: ARRUPE
005 - DATE AND TIME OF LATEST TRANSACTION
- control field: 20140121144026.0
008 - FIXED-LENGTH DATA ELEMENTS
- fixed length control field: 140121|| aca||aabn | a|a d
040 ## - CATALOGING SOURCE
- Original cataloging agency: ARRUPE
- Transcribing agency: ARRUPE
100 ## - HEADING--PERSONAL NAME
- Personal name: Oakeshott, Robert.
670 ## - SOURCE DATA FOUND
- Source citation: Work cat.: (ARRUPE)0: Charlton, William. 6842, The Christian response to industrial capitalism /, 1986.